Giáo trình quản lý kinh tế tập 1

Guardat en:
Dades bibliogràfiques
Autor principal: Không rõ
Format: Llibre
Idioma:Vietnamese
Publicat: Khoa học và kỹ thuật 1999
Etiquetes: Afegir etiqueta
Sense etiquetes, Sigues el primer a etiquetar aquest registre!
Thư viện lưu trữ: Mạng thư viện Đại học Đà Nẵng
LEADER 00639nam a2200277 4500
001 000025810
003 1361
005 20150325120000.0
008 150325s vm 000 vie
020 |c 20000,0000 
040 |a D4 
100 |a Không rõ 
245 |a Giáo trình quản lý kinh tế tập 1 
260 |b Khoa học và kỹ thuật  |c 1999 
300 |a 303tr. ; 
OWN |a LTT 
999 |a From the UDN01 
TYP |a Monograph 
TYP |a Printed language 
980 |a Mạng thư viện Đại học Đà Nẵng